Rice postharvest technology in Vietnam
Conten: Overview of rice post harvest situation in the world and in Viet Nam; Paddy harvesting; Paddy drying; Paddy storage; Rice milling; Paddy rice quality; Paddy seed quality; Laser controlled land leveling; Economic calculations for postharvest machinery; Business models and business plans
Tallennettuna:
| Aineistotyyppi: | Kirja |
|---|---|
| Kieli: | Undetermined |
| Julkaistu: |
Hà Nội
Nông nghiệp
2014
|
| Aiheet: | |
| Tagit: |
Lisää tagi
Ei tageja, Lisää ensimmäinen tagi!
|
| Thư viện lưu trữ: | Trung tâm Học liệu Trường Đại học Cần Thơ |
|---|
| LEADER | 00995nam a2200217Ia 4500 | ||
|---|---|---|---|
| 001 | CTU_199986 | ||
| 008 | 210402s9999 xx 000 0 und d | ||
| 020 | |c 80000 | ||
| 082 | |a 633.186 | ||
| 082 | |b R495 | ||
| 245 | 0 | |a Rice postharvest technology in Vietnam | |
| 245 | 0 | |c Contributors: Nguyễn Văn Xuân ... [et.al.] | |
| 260 | |a Hà Nội | ||
| 260 | |b Nông nghiệp | ||
| 260 | |c 2014 | ||
| 520 | |a Conten: Overview of rice post harvest situation in the world and in Viet Nam; Paddy harvesting; Paddy drying; Paddy storage; Rice milling; Paddy rice quality; Paddy seed quality; Laser controlled land leveling; Economic calculations for postharvest machinery; Business models and business plans | ||
| 650 | |a Rice,Rice,Lúa,Lúa | ||
| 650 | |x Postharvest technology,Postharvest technology,Công nghệ sau thu hoạch,Công nghệ sau thu hoạch | ||
| 650 | |z Vietnam,Việt Nam | ||
| 904 | |i Bằng | ||
| 980 | |a Trung tâm Học liệu Trường Đại học Cần Thơ | ||